000 00430nam a22001577a 4500
003 macl
005 20170614125016.0
008 170614b xxu||||| |||| 00| 0 eng d
040 _cmacl
082 _a294.5/ELI
100 _aEliot, Slr charles Eliot
_967469
245 _aHinduism and Buddhism
_bAN historical sketch
260 _aLondon
_bRoutledge $ . kegan paul LTd
_c1921
650 _aRalgiontons
_967470
942 _2ddc
_cBK
999 _c56536
_d56536